01190nam a2200289 4500003000900000005001700009007000300026008004100029020001800070040002800088082001600116100003500132245010200167246003800269250001200307300004300319336002700362337003300389338002800422650008200450700003000532700004100562942001200603999001700615952013900632952012900771CO-ViMGA20240522191315.0ta240522b |||||||| |||| 00| 0 eng d a9789585918740 aCO-ViMGAbspacCO-ViMGA04a363.34bA751 aGonzález, Francisco 94151510aArmero : 30 años después /c [Francisco González, Juan David Correa, Germán Santamaría] aArmero : treinta años después a1a. ed. a111 p. :b fot. (algunas col.) ; 22 cm 2rdacontentatextobtxt 2rdamediaasin mediaciónbn 2rdacarrieravolumenbnc14aDesastres naturalesvHistoriaxRelatos personaleszArmero (Tol.)2LEMB9415161 aCorrea, Juan David9415171 aSantamaría, Germán, 1950-941518 2ddccBK c38163d38163 001040708001aMEVIGERRbMEVIGERRcGENd2016-03-11o986.136 G65apECA24675r2024-11-26 08:56:17tEj.1w2024-11-26yBKz18715 | 23896 00102ddc40708GENaMECASTILbMECASTILcGENd2025-07-01l0o363.34 A75pEC01719r2025-07-01 15:31:45tEj.1w2025-07-01yBK